[Event "ESP-ch U16"]
[Site "Salobrena"]
[Date "2020.08.10"]
[Round "2"]
[White "Serrano Almendros, Alejandro"]
[Black "Cagigas Calvente, Fernando"]
[Result "1-0"]
[WhiteElo "1976"]
[BlackElo "1068"]
[PlyCount "29"]
[EventDate "2020.08.10"]
[EventType "swiss"]
[EventRounds "9"]
[EventCountry "ESP"]
[SourceTitle "EXT 2021"]
[Source "ChessBase"]
[SourceDate "2020.10.23"]
[SourceVersion "1"]
[SourceVersionDate "2020.10.23"]
[SourceQuality "1"]

1. d4 d5 2. c4 Bf5 3. cxd5 Bxb1 4. Qa4+ c6 5. Rxb1 Qxd5 6. Bd2 Nf6 7. Nf3 Ne4 8. e3 Nd7 9. Bc4 Qf5 10. Bd3 Nb6 11. Qc2 Qg4 12. Bxe4 f5 13. Bxc6+ Nd7 14. Bxd7+ Kxd7 15. Ne5+ 1-0